000 00994nam a2200253 a 4500
001 39392
003 BD-RjUL
005 20211209053000.0
008 160410b2007 bg ||||e |||| 00| 0 ben d
020 _a9840502840
_ctk. 375.00
035 _a(BD-RjUL)39505
040 _aBD-RjUL
_bben
_cBD-RjUL
041 _aben
082 _223
_a324.2549206
_bGHA 2007
100 _aঘোষ, শ্যামলী
_9121432
245 _aআওয়ামী লীগ, ১৯৪৯-১৯৭১ /
_cশ্যামল ঘোষ, অনুবাদ হাবীব-উল-আলম
260 _aঢাকা :
_bদি ইউনিভার্সিটি প্রেস,
_c২০০৭.
300 _a৩৪৬ পৃ. ;
_c২১ সেমি.
500 _aনির্ঘন্ট
650 _aআওয়ামী লীগ
_xইতিহাস
_9121433
650 _aAwami League
_xHistory
_9121434
700 _aআলম,হাবীব-উল,অনুবাদক
_9121435
942 _2ddc
_cBK
999 _c39392
_d39392